Personajes de La que se avecina - Estadísticas

Estadísticas generales
  • Esta prueba ha sido intentada 3.273 veces
    3.007 desde el último reinicio
  • La puntuación promedio es 10 de 16
Estadísticas de respuestas
Pista Personaje % Correcto
Le falta un huevo Amador
97%
Tira centollos Antonio Recio
96%
Delfín Enrique Pastor
84%
Espetero Fermín Trujillo
71%
Hombre cojín Vicente Maroto
68%
Pelocho Javi Maroto
67%
La chiguagua Lola Trujillo
58%
Muy cristiana, con un marido imposible Berta Escobar
57%
¡Qué ataque más gratuito! Estela Reynolds
57%
Guarrila pelirroja Judith Becker
54%
Masajes holísticos Maite Figueroa
54%
Lo tiraron a un pozo Teodoro Rivas
53%
Hoja movida por el viento Araceli Madariaga
52%
Benito Doña Fina
45%
Aspiradora Leonardo
41%
Pocas neuronas Coque Calatrava
38%
No se encontraron pruebas coincidentes
Distribución de puntuación
Porcentaje de gente con cada puntuación
Porcentaje por número respondido
Historial de tus puntuaciones
No has intentado esta prueba desde el último reinicio